Statistics for Japan National Football Team Squad 2022 World Cup

Click here to take the quiz!

General Stats

  • This quiz has been taken 68 times
  • The average score is 17 of 26

Answer Stats

PositionClubAnswer% Correct
DFArsenalTakehiro Tomiyasu
93%
DFStuttgartHiroki Ito
89%
FWReimsJunya Ito
89%
MFAS MonacoTakumi Minamino
86%
FWReal SociedadTakefusa Kubo
84%
MFStuttgartWataru Endo
84%
FWBrightonKaoru Mitoma
82%
MFEintracht FrankfurtDaichi Kamada
80%
DFSchalkeMaya Yoshida
80%
FWCelticDaizen Maeda
75%
DFBorussia MonchengladbachKo Itakura
73%
MFFreiburgRitsu Doan
73%
DFFC TokyoYuto Nagatomo
70%
FWBochumTakuma Asano
68%
MFSporting CPHidemasa Morita
66%
MFFortuna DusseldorfAo Tanaka
64%
GKShimizu S-PulseShuichi Gonda
64%
DFUrawa RedsHiroki Sakai
61%
GKStrasbourgEiji Kawashima
59%
GKSint-TruidenDaniel Schmidt
50%
FWCercle BruggeAyase Ueda
41%
MFLeganesGaku Shibasaki
39%
DFKawasaki FrontaleShogo Taniguchi
34%
DFKawasaki FrontaleMiki Yamane
30%
MFNagoya GrampusYuki Soma
30%
DFHuddersfieldYuta Nakayama
27%

Score Distribution

Percentile by Number Answered

Percent of People with Each Score

Your Score History

You have not taken this quiz